I Jornada Prevenció de Riscos Laborals a l'Obra Pública Municipal [Recurs electrònic] : 24 de gener de 2006 24 de gener de 2006
Descripción Física:
1 disc òptic (CD-ROM) ; 12 cm
MARC
| LEADER | 00000nam a2200000Ia 4500 | ||
|---|---|---|---|
| 001 | 22986 | ||
| 008 | 160829s2006 xx 000 0 cat d | ||
| 080 | |a CD-1-172 | ||
| 245 | |a I Jornada Prevenció de Riscos Laborals a l'Obra Pública Municipal [Recurs electrònic] : |b 24 de gener de 2006 | ||
| 260 | |a Barcelona : |b Diputació de Barcelona. Servei de Projectes, Obres i Manteniment, |c 2006 | ||
| 300 | |a 1 disc òptic (CD-ROM) ; |c 12 cm | ||
| 590 | |a Inclou: Fotografies de la jornada, informació de premsa i documents en pdf de les ponències | ||
| 650 | |a Seguretat en el treball |x Congressos |9 38298 | ||
| 650 | |a Salut en el treball |x Congressos |9 21757 | ||
| 710 | 1 | |a Barcelona (Catalunya : Província). |b Servei de Projectes, Obres i Manteniment |9 54367 | |
| 901 | |a Arxiu | ||
| 942 | |n 1 | ||
| 952 | |0 0 |1 0 |4 0 |6 CD1172 |7 1 |9 48359 |a Arxiu |b Arxiu |d 2016-12-01 |l 0 |o CD-1-172 |p 22986 |r 2016-12-01 00:00:00 |w 2016-12-01 |y ARXIU | ||
| 999 | |c 52165 |d 52165 | ||